00430pab a2200133 454500008004000000100002100040245013200061260000900193300001000202362000900212650002600221700002700247773002200274180718b1985 xxu||||| |||| 00| 0 eng d aVillalba, Julian aA conceptual framework for government decision making about state - Owned enterprisesbA report on a Venezulan research project c1985 a49-57 aNov. aGovernment Enterprise aJanet Kelly de Escobar aPublic Enterprise